000 00886nam a2200253 i 4500
001 179530
003 ES-MaACL
005 20250819173420.0
008 111221s2010 sp a |||| | spa d
020 _a978-84-92984-00-8
080 _a061.236.6(460)"19"
245 0 3 _aLa masonería en persona(s)
_b: la experiencia masónica a través de 20 de sus protagonistas /
_c[recopiladores, Javier Otaola, Valentín Díaz].
250 _a1ª ed.
260 _aOviedo :
_bMasonica.es,
_c2010.
300 _a397 p. :
_bil. ;
_c21 cm.
490 1 _aSerie roja
610 2 4 _aMasonería-
_zEspaña-
_yS.XX.
_95664
700 _aOtaola, Javier,
_d1956-
_9235665
700 1 _aDíaz, Valentín,
_d1951-
_9148766
830 0 _aSerie roja
_9191394
852 _aES-MaACL
_jA-11743
_9186426
_bR.146040
_cDEPO1
_dOlim: N-4748
942 _2udc
_cMONOGRAFIA
999 _c179530
_d179530